Badania elektrycznego oddziaływania kwadrupolowego metoda spektroskopii mössbauerowskiej /
Uložené v:
| Hlavný autor: | |
|---|---|
| Médium: | Kniha |
| Jazyk: | Polish |
| Vydané: |
Warszawa :
Państwowe Wydawnictvo Naukowe,
1975.
|
| Vydanie: | wyd. 1. |
| Edícia: | Zeszyty Naukowe Uniwersytetu Jagiellońskiego
zesz. 12. |
| ISBN: |
(brož.) |
| Fyzický popis: |
88 s. |
| Tagy: |
Pridať tag
Žiadne tagy, Buďte prvý kto otaguje tento záznam!
|
Titul je dostupný aj v ... 

MARC
| LEADER | 00000nam a22000004a 4500 | ||
|---|---|---|---|
| 001 | 000508321 | ||
| 005 | 20160606084556.0 | ||
| 008 | 090310s1975 pl e pol d | ||
| 020 | |a (brož.) | ||
| 040 | |a SVKKK |b slo |c SVKKK |e AACR2 | ||
| 041 | 0 | |a pol | |
| 044 | |a pl |c PL | ||
| 100 | 1 | |a Sawicki, Jerzy |4 aut | |
| 245 | 1 | 0 | |a Badania elektrycznego oddziaływania kwadrupolowego metoda spektroskopii mössbauerowskiej / |c Jerzy Sawicki. |
| 250 | |a wyd. 1. | ||
| 260 | |a Warszawa : |b Państwowe Wydawnictvo Naukowe, |c 1975. | ||
| 300 | |a 88 s. | ||
| 490 | 1 | |a Zeszyty Naukowe Uniwersytetu Jagiellońskiego |v zesz. 12. | |
| 830 | 0 | |a Zeszyty Naukowe Uniwersytetu Jagiellońskiego |v zesz. 12. | |
| 910 | |a svkkk | ||
| 998 | |a BK | ||
| 090 | |g SCKHL |k Sklad Pribinova 1. posch. |a IV.83614 |j 517693 |i 508321-10 |s Absenčne | ||